000 01475nam a2200397 i 4500
001 193029
003 SpMaBN
005 20250728033104.0
007 ta
008 230723s1999 sp | ||| ||spa
016 7 _abimoBNE20000820471
_2SpMaBN
017 _aM 29717-1999
_bOficina Depósito Legal Madrid
020 _a8477386897
035 _a(OCoLC)42682223
035 _abimo0001501277
040 _aSpMaBN
_bspa
_cSpMaBN
_erdc
_dES-MaACL
080 _a026.06:(084.12)
245 0 0 _aDocumentación fotográfica /
_c[editor] Félix del Valle Gastaminza.
260 _aMadrid :
_bSíntesis,
_c[1999]
300 _a255 p. :
_bil. ;
_c23 cm
336 _2rdacontent
_aTexto
337 _2rdamedia
_asin mediación
338 _2rdacarrier
_avolumen
490 1 _aCiencias de la información .Biblioteconomía y documentación ;
_v19
500 _aCatalogación provisional. Signatura: N 8551. Depósito J.
650 0 _aImágenes-
_xCatalogación
_9233837
700 1 _aValle Gastaminza, Félix del,
_d1957-2016
_9233838
740 0 1 _aManual de documentación fotográfica.
830 _9183792
_aCiencias de la información. Biblioteconomía y documentación ;
_v19
852 _aES-MaACL
_bR 131088
_cDEPOJ
_jN 8551
_zEn proceso
_9200334
942 _n0
_cMONOGRAFIA
999 _c193029
_d193029